Doctor who. Beautiful chaos /

Bernard Cribbins reads this gripping story of a new star and an ancient alien threat. Donna Noble is back home in London, catching up with her family and generally giving them all the gossip about her journeys. Her grandfather is especially overjoyed, he's discovered a new star and had it named...

Full description

Bibliographic Details
Main Author: Russell, Gary, 1963-
Corporate Author: BBC Audiobooks America
Other Authors: Cribbins, Bernard
Format: CD Audio Book
Language:English
Published: [Bath, England] : BBC Audiobooks, [2009]
Subjects:

MARC

Tag First Indicator Second Indicator Subfields
LEADER 00000cim a2200000Ia 4500
001 in00003421189
005 20151206090311.0
007 sd fungnn||||u
008 100506s2009 enknnnn f n eng d
019 |a 316061996 
020 |a 9781408426524 
020 |a 1408426528 
035 |a (OCoLC)ocn611993295 
035 |a (OCoLC)611993295  |z (OCoLC)316061996 
040 |a UOK  |c UOK  |d UOK  |d BTCTA  |d GK8  |d UtOrBLW 
049 |a TXAM 
090 |a PR6118.U84  |b B432 2009 
092 0 |a 823/.914  |2 22 
100 1 |a Russell, Gary,  |d 1963- 
245 1 0 |a Doctor who.  |p Beautiful chaos /  |c written by Gary Russell. 
246 3 0 |a Beautiful chaos 
264 1 |a [Bath, England] :  |b BBC Audiobooks,  |c [2009] 
264 4 |c ©2009 
300 |a 2 sound discs (2 hrs.) :  |b digital ;  |c 4 3/4 in. 
336 |a spoken word  |b spw  |2 rdacontent 
337 |a audio  |b s  |2 rdamedia 
338 |a audio disc  |b sd  |2 rdacarrier 
511 0 |a Read by Bernard Cribbins. 
500 |a Abridged. 
500 |a Compact discs. 
520 |a Bernard Cribbins reads this gripping story of a new star and an ancient alien threat. Donna Noble is back home in London, catching up with her family and generally giving them all the gossip about her journeys. Her grandfather is especially overjoyed, he's discovered a new star and had it named after him. He takes the Doctor, as his special guest, to the naming ceremony. But the Doctor is suspicious about some of the other changes he can see in the Earth's heavens. 
500 |a Sound recording. 
600 0 |a Doctor  |c (Fictitious character)  |v Fiction. 
650 0 |a Time travel  |v Fiction. 
655 7 |a Science fiction.  |2 gsafd 
655 7 |a Audiobooks.  |2 lcgft 
700 1 |a Cribbins, Bernard. 
710 2 |a BBC Audiobooks America. 
730 0 |a Doctor Who (Television program : 2005- ) 
948 |a cataloged  |b h  |c 2014/2/17  |d c  |e ceaton  |f 9:20:21 am 
994 |a C0  |b TXA 
999 |a MARS 
999 f f |s 2ce09f5d-3424-35db-864a-6c53174f04ff  |i b585bd8b-69e8-3a5f-a7de-fd129c009e1c  |t 0 
952 f f |p ric  |a Texas A&M University  |b Rellis Campus  |c Joint Library Facility  |d Remote Storage  |t 0  |e PR6118.U84 B432 2009  |h Library of Congress classification  |i audio -- audio disc  |m A14842257330 
998 f f |a PR6118.U84 B432 2009  |t 0  |l Remote Storage